000 00902nam a2200277 i 4500
001 2770159
003 BDDh-ASL
005 20231015031646.0
008 791129s1961 xx acf b 001 0 eng
010 _a 79930407
040 _aDLC
_cDLC
_dDLC
_dBDDh-ASL
041 _aeng
043 _aa-ii---
_aa-pk---
050 0 0 _aHV8247
_b.R39
082 0 0 _a363.20954
_bRAO
100 1 _aRazvi, Nazir Ahmad.
245 1 0 _aOur police heritage :
_bSaga of the police forces of Pakistan and India /
_cby Nazir Ahmad Razvi.
260 _a[s.l. :
_bs.n.],
_c1961
_eLahore :
_fWAPDA Print. Press,
300 _a204, [20] p., [14] leaves of plates :
_bill., ports. ;
_c23 cm.
500 _aIncludes index.
504 _aBibliography: p. [3-9] (2d group)
650 0 _aPolice
_zIndia
_xHistory.
650 0 _aPolice
_zPakistan
_xHistory.
906 _a7
_bcbc
_corignew
_d4
_encip
_f19
_gy-gencatlg
942 _2ddc
_cBK
999 _c34252
_d34252